000 01426cad a22002415a 4500
001 L159444
008 131002s2017 xxk f 000 0 eng d
020 _a9781315252247
035 _a(Sirsi) u159444
041 0 _aeng
050 0 4 _a307.1216 $2 18
100 1 _aEnnis, Frank
245 0 0 _aInfrastructure provision and the negotiating process
_h[electronic resource]
260 _aAbingdon
_bRoutledge
_c2017
300 _aebook
520 _aThe provision of infrastructure for urban developments is increasingly becoming a highly contentious and important issue in planning negotiations. By drawing together a range of case studies from North America, Australia and Europe, this book compares how a number of planning systems deal with this issue. There is a general trend by planning agencies towards the securing of infrastructure from the private sector. This necessitates a negotiation process between planning agencies, developers and infrastructure providers and this volume shows how this process varies according to the political context, the nature of the planning system and the existence of other frameworks such as Environmental Impact Assessment.
650 2 4 _aEBOOK
650 2 4 _aInfrastructure
_96246
651 4 _aInternational
690 _aPlanning and development
_96259
856 4 0 _uhttps://www.vlebooks.com/
_zView on VLEbooks. Logins for members only from [email protected]
942 _n0
999 _c115905
_d115905